000 00503nam a22001817a 4500
005 20251108164307.0
008 250721s1985 xx 000 0 ara d
082 1 4 _a330.01/سام
100 1 _aخليل، سامي
245 1 0 _aنظرية الإقتصاد الكلي /
250 _aط2.
264 1 _aالقاهرة :
_bدار النهضة العربية،
_c1985.
300 _a587ص
650 1 7 _aالإقتصاد
650 1 7 _aالإقتصاد الكلي
942 _2ddc
_cBK
999 _c8574
_d8574